01127cam a22002531 4500001001300000003000400013005001700017008004100034010001700075035001900092040005500111042001200166043001200178050001600190100003500206245031000241260005900551300006400610410008200674650002300756650004300779650003400822999001700856gs 29000190 DLC20260227111333.0790905s1928 kyuab s001 0 eng c ags 29000190  a(OCoLC)5340459 aU.S. Geol. Survey. Libr.cKyLoUdKyLoUdOCoLCdDLC apremarc an-us-ky00aQE115b.A681 aJillson, Willard Rouse,d1890-14aThe geology and mineral resources of Kentucky;ba brief description of physiography, stratigraphy, areal and structural geology, and mineral resources of each of the counties comprising the commonwealth,cby Willard Rouse Jillson. Illustrated with two hundred and fifty-one photographs, maps and diagrams. aFrankfort, Ky.,bThe Kentucky Geologial Survey,c1928. axv, 409 p. incl. illus., maps, diagrs.bcol. front.c24 cm.10aKentucky.bGeological Survey, 1920-1932.tSeries VI [Geologic reports]vv. 17 0aGeologyzKentucky. 0aMines and mineral resourceszKentucky. 0aPhysical geographyzKentucky. c26726d26726